[Oldtimers exclusive 2003]

Bibliographic Details
Other Authors: Kimball, Ron (fot)
Format: Image
Language:Slovak
PhysicalDescription:[13] listov fotogr. 42x56 cm
Published: [Banská Bystrica] Spektrum Grafik [2002]
Edition:[1. vyd.]
Subjects:

MARC

LEADER 00000nkm a2200000 a 4500
001 vtls001465148
003 SK-MaSNL
005 20260301121719.0
008 200701s2002 xo 0| slo
015 |a SNBG2004/01-00013 
035 |a SNK000420453 
040 |a SNK  |b slo  |c SNK  |e AACR2 
041 0 |a slo 
044 |a xo  |c SK 
072 7 |a 629  |2 konspekt 
080 |a 629.115.4  |2 1981 
080 |a (059)  |2 1981 
080 |a 629.331.4(059)"2003"  |2 2. slo 
245 1 |a [Oldtimers exclusive 2003]  |h grafika  |c photo: Ron Kimball 
250 |a [1. vyd.] 
260 |a [Banská Bystrica]  |b Spektrum Grafik  |c [2002] 
300 |a [13] listov  |b fotogr.  |c 42x56 cm 
500 |a Tlač. obojs. 
650 0 7 |a autá  |y 2003  |2 SNK  |9 466222 
650 0 7 |a autá  |y 2003  |x kalendáre nástenné  |2 SNK  |9 466223 
650 0 7 |a dopravné prostriedky  |2 konspekt  |9 66633 
655 7 |a nástenné kalendáre  |2 SNK  |9 70664 
655 7 |a kalendáre  |2 SNK  |9 70450 
700 1 |a Kimball, Ron  |4 fot  |9 302217 
958 |a GBN 
999 |c 730385  |d 732315 
952 |t P60, <03>, [BOOK], {603}  |a SNK  |b SNK  |y PREZ  |7 0  |p 17A0405647  |o snkOSA 692  |i snkKSP 15719/2003  |0 0  |1 0  |4 0  |d 2003-12-10  |l 0  |r 2005-01-02 00:00:00  |w 2026-02-23 
952 |t P60, <04>, [BOOK], {604}  |a SNK  |b SNK  |y VYP  |7 0  |p 17A0405646  |o snkOSA 692 D1  |i snkKSP 15720/2003  |0 0  |1 0  |4 0  |d 2003-12-10  |l 0  |r 2005-01-02 00:00:00  |w 2026-02-23